Monster High - Statistiques

Statistiques générales
  • Ce quiz a été pris 16 fois
  • Le résultat moyen est 17 sur 36
Statistiques - réponses
Par images Réponse % Correct
Clawdeen
100%
Cleo
100%
Frankie
100%
Draculaura
92%
Ghoulia
77%
Lagoona
77%
Deuce
62%
Operetta
54%
Rochelle
54%
Spectra
54%
Toralei
54%
Abbey
46%
Catty
46%
Clawd
46%
Nefera
46%
Venus
46%
Elissabat
38%
Gil
38%
Clawdia
31%
Cupidona
31%
Gigi
31%
Holt
31%
Howleen
31%
Jackson
31%
Jinafire
31%
Luna
31%
Robecca
31%
Sirena
31%
Skelita
31%
Thomas
31%
Twyla
31%
Valentin
31%
Viperine
31%
Bruno
23%
Meowlody & Purrsephone
23%
Whisp
23%
Aucun quiz correspondant
Distribution des résultats
% des personnes avec chaque résultat
Percentile par nombre de réponses
Votre historique - résultats
Vous n’avez pas pris ce quiz